Wszystkie miasta Polski na literę B - Statystyki

Ogólne statystyki
  • Ten quiz został rozwiązany 1 923 razy
    234 od ostatniego zresetowania
  • Średni wynik to 47 z 80
Statystyki odpowiedzi
Województwo Populacja Miasto % Poprawnych
podlaskie 296958 Białystok
95%
śląskie 169756 Bielsko-Biała
95%
kujawsko-pomorskie 344091 Bydgoszcz
95%
śląskie 163255 Bytom
95%
opolskie 2390 Biała
92%
lubelskie 56942 Biała Podlaska
91%
pomorskie 16833 Bytów
89%
opolskie 35226 Brzeg
87%
łódzkie 56419 Bełchatów
86%
podlaskie 25044 Bielsk Podlaski
86%
dolnośląskie 38486 Bolesławiec
85%
łódzkie 1150 Bolesławiec
85%
śląskie 56008 Będzin
83%
małopolskie 29554 Bochnia
81%
lubelskie 26114 Biłgoraj
79%
małopolskie 16764 Brzesko
77%
warmińsko-mazurskie 22984 Bartoszyce
76%
śląskie 19375 Bieruń
76%
warmińsko-mazurskie 16974 Braniewo
76%
świętokrzyskie 15611 Busko-Zdrój
76%
dolnośląskie 17037 Bogatynia
73%
kujawsko-pomorskie 28701 Brodnica
73%
zachodniopomorskie 23950 Białogard
71%
dolnośląskie 29523 Bielawa
69%
podkarpackie 7425 Brzozów
69%
dolnośląskie 12480 Brzeg Dolny
67%
łódzkie 12365 Brzeziny
67%
mazowieckie 6853 Białobrzegi
66%
wielkopolskie 5948 Buk
66%
dolnośląskie 2497 Bardo
63%
warmińsko-mazurskie 4047 Biała Piska
63%
dolnośląskie 4913 Bolków
62%
zachodniopomorskie 13611 Barlinek
61%
dolnośląskie 4809 Bierutów
60%
podkarpackie 6140 Boguchwała
60%
lubuskie 3901 Babimost
59%
łódzkie 3132 Biała Rawska
59%
kujawsko-pomorskie 4563 Brześć Kujawski
58%
dolnośląskie 15154 Boguszów-Gorce
56%
mazowieckie 13710 Brwinów
55%
małopolskie 11092 Brzeszcze
55%
dolnośląskie 9878 Bystrzyca Kłodzka
55%
lubuskie 4244 Bytom Odrzański
55%
podkarpackie 1430 Baranów Sandomierski
54%
zachodniopomorskie 2208 Biały Bór
52%
małopolskie 4549 Biecz
52%
śląskie 9457 Blachownia
52%
warmińsko-mazurskie 7509 Barczewo
50%
mazowieckie 1904 Brok
50%
warmińsko-mazurskie 2328 Bisztynek
49%
mazowieckie 12134 Błonie
49%
małopolskie 9976 Bukowno
49%
podkarpackie 987 Bircza
48%
warmińsko-mazurskie 10628 Biskupiec
48%
małopolskie 3137 Bobowa
48%
opolskie 3532 Byczyna
48%
podkarpackie 2148 Błażowa
47%
zachodniopomorskie 3957 Bobolice
46%
lubelskie 4814 Bychawa
46%
lubelskie 6399 Bełżyce
45%
świętokrzyskie 2190 Bodzentyn
45%
łódzkie 964 Bolimów
45%
zachodniopomorskie 5052 Borne Sulinowo
45%
podlaskie 3694 Brańsk
45%
lubuskie 892 Brody
45%
pomorskie 5221 Brusy
45%
podkarpackie 2749 Brzostek
44%
wielkopolskie 2500 Borek Wielkopolski
43%
mazowieckie 1829 Bieżuń
41%
kujawsko-pomorskie 7313 Barcin
40%
łódzkie 2047 Błaszki
39%
świętokrzyskie 1076 Bogoria
39%
wielkopolskie 2915 Bojanowo
36%
opolskie 2861 Baborów
33%
wielkopolskie 4475 Budzyń
33%
kujawsko-pomorskie 1104 Bobrowniki
32%
łódzkie 1068 Białaczów
31%
mazowieckie 1135 Bodzanów
30%
zachodniopomorskie 3677 Barwice
29%
opolskie 1996 Branice
20%
Nie znaleziono quizów pasujących do podanych kryteriów
Rozkład punktacji
Procent ludzi z każdym wynikiem
Percentyl według liczby udzielonych odpowiedzi
Twoja historia wyników
Nie rozwiązałeś tego quizu od ostatniego zresetowania